[Event "Faxe Dags EMT 2016"]
[Site "Faxe"]
[Date "2016.04.06"]
[Round "2"]
[White "Hansen, Borge"]
[Black "Nielsen, Henning Sogaard"]
[Result "1-0"]
[WhiteElo "1433"]
[BlackElo "1213"]
[PlyCount "141"]
[EventDate "2016.??.??"]

1. d4 Nf6 2. c4 d5 3. e3 e6 4. a3 Nbd7 5. Nc3 c5 6. dxc5 Nxc5 7. b4 Nce4 8.
Nxe4 Nxe4 9. cxd5 Nc3 10. Qd2 Nxd5 11. Bc4 Nb6 12. Qxd8+ Kxd8 13. Bb3 Bd7 14.
Ne2 Ba4 15. Bxa4 Nxa4 16. O-O Bd6 17. Rd1 Ke7 18. Ra2 Rhd8 19. Rad2 e5 20. f3
Bc7 21. Rxd8 Bxd8 22. Kf1 a6 23. Bd2 b5 24. Bc1 Nb6 25. e4 Nc4 26. Nc3 Ke8 27.
Nd5 Bb6 28. Nxb6 Nxb6 29. Be3 Nc4 30. Rd3 Rd8 31. Rxd8+ Kxd8 32. Bc1 Ke7 33.
Ke2 Ke6 34. g3 g6 35. h4 Nd6 36. Ke3 Nc4+ 37. Kd3 Nd6 38. Ke3 h5 39. Kf2 f5 40.
exf5+ Nxf5 41. Bg5 Nd6 42. Ke2 Nc4 43. Bc1 Kf5 44. Kd3 Nd6 45. Ke2 Nc4 46. Kd3
Nd6 47. Ke3 e4 48. fxe4+ Nxe4 49. Kf3 Nd6 50. Ke2 Ke4 51. Kd2 Kf3 52. Kc3 Nc4
53. a4 Kxg3 54. Bg5 Kg4 55. axb5 axb5 56. Kd4 Kf5 57. Kc5 Na3 58. Bc1 Nc2 59.
Kxb5 Kg4 60. Bg5 Kf5 61. Kc5 Nxb4 62. Kxb4 Ke6 63. Kc5 Kd7 64. Kd5 Ke8 65. Ke6
Kf8 66. Kf6 Kg8 67. Kxg6 Kh8 68. Bf6+ Kg8 69. Kxh5 Kh7 70. Kg5 Kg8 71. Kg6 1-0

[Event "Faxe Dags EMT 2016"]
[Site "Faxe"]
[Date "2016.04.06"]
[Round "2"]
[White "Larsen, Poul Erik"]
[Black "Skotte, Niels Peder"]
[Result "1/2-1/2"]
[WhiteElo "1180"]
[BlackElo "1359"]
[PlyCount "90"]
[EventDate "2016.??.??"]

1. Nf3 d5 2. e3 Bg4 3. Be2 Bxf3 4. Bxf3 e6 5. O-O Nf6 6. b3 c6 7. Bb2 Nbd7 8.
d4 Bd6 9. Nd2 Qc7 10. g3 h5 11. e4 dxe4 12. Nxe4 O-O-O 13. Nxd6+ Qxd6 14. c4
Qc7 15. Qe2 Nb6 16. c5 Nbd5 17. a3 g5 18. Rae1 g4 19. Bg2 Rde8 20. f4 Qd7 21.
Qd3 Re7 22. Re5 Rh6 23. Bc1 Rg6 24. Bd2 Ne8 25. Be4 f5 26. Rxf5 Ndf6 27. Rxh5
Nxe4 28. Qxe4 Rgg7 29. Qe5 Qd5 30. Qxd5 exd5 31. Re5 Kd7 32. Rfe1 Nf6 33. Rxe7+
Rxe7 34. Rxe7+ Kxe7 35. f5 Ne4 36. Bf4 Kf6 37. h3 Kxf5 38. h4 Nf6 39. Kf2 Ke4
40. Be5 Nh5 41. Ke2 b6 42. b4 b5 43. Kd2 a6 44. Ke2 Kf5 45. Ke3 Ke6 1/2-1/2

[Event "Faxe Dags EMT 2016"]
[Site "Faxe"]
[Date "2016.04.13"]
[Round "3"]
[White "Zachariassen, John"]
[Black "Pedersen, Henrik Dahl"]
[Result "0-1"]
[WhiteElo "1959"]
[BlackElo "2151"]
[PlyCount "116"]
[EventDate "2016.??.??"]

1. c4 e5 2. g3 Nc6 3. Bg2 Nf6 4. Nc3 Bc5 5. a3 a6 6. d3 h6 7. Nf3 d6 8. O-O O-O
9. b4 Ba7 10. Bb2 Bd7 11. h3 Rb8 12. Kh2 Ne7 13. a4 Ng6 14. b5 h5 15. e3 Re8
16. d4 Be6 17. d5 Bf5 18. Ne2 Nd7 19. Nd2 Bd3 20. Be4 Bxe4 21. Nxe4 f5 22. Nd2
h4 23. Rg1 Nf6 24. gxh4 Nxh4 25. Ng3 Kf7 26. Nf3 Nxf3+ 27. Qxf3 g6 28. Nxf5 Rh8
29. Rxg6 Kxg6 30. Rg1+ Kf7 31. Rg7+ Kf8 32. Rg6 Rh5 33. Ng3 Kf7 34. Rg4 Qh8 35.
Kg1 Rg8 36. Rxg8 Qxg8 37. Kf1 Qg6 38. Nxh5 Qxh5 39. Qxh5+ Nxh5 40. Bc1 Kg6 41.
Kg2 Kf5 42. f3 e4 43. f4 Bc5 44. bxa6 bxa6 45. Bd2 Nf6 46. Kg3 Nd7 47. a5 Ba3
48. h4 Bb2 49. h5 Nc5 50. h6 Kg6 51. h7 Kxh7 52. f5 Kg7 53. Kf4 Be5+ 54. Kg4
Kf7 55. Be1 Nd3 56. Bh4 Bc3 57. f6 Bxa5 58. Kf5 Nc5 0-1

[Event "Faxe Dags EMT 2016"]
[Site "Faxe"]
[Date "2016.04.13"]
[Round "3"]
[White "Pedersen, Hans Dahl"]
[Black "Petersen, Bent"]
[Result "1/2-1/2"]
[WhiteElo "2144"]
[BlackElo "1831"]
[PlyCount "56"]
[EventDate "2016.??.??"]

1. c4 e5 2. g3 Nf6 3. Bg2 Bc5 4. Nc3 O-O 5. e3 Nc6 6. Nge2 a6 7. O-O d6 8. a3
Ne7 9. b4 Bb6 10. Nd5 Nexd5 11. cxd5 Bf5 12. d4 Re8 13. Bb2 e4 14. Nc3 Qd7 15.
Qc2 Rac8 16. Rfe1 c6 17. dxc6 Rxc6 18. Qb3 d5 19. Na4 Bh3 20. Rac1 Bxg2 21.
Kxg2 Rec8 22. Rxc6 Rxc6 23. Rc1 h5 24. h4 Ng4 25. Rxc6 Qxc6 26. Nxb6 Qxb6 27.
Qc2 Qc6 28. Qe2 g6 1/2-1/2

[Event "Faxe Dags EMT 2016"]
[Site "Faxe"]
[Date "2016.04.13"]
[Round "3"]
[White "Andersen, Bjarne Hjorth"]
[Black "Arnkilde, Anders"]
[Result "1-0"]
[WhiteElo "1877"]
[BlackElo "1970"]
[PlyCount "89"]
[EventDate "2016.??.??"]

1. e4 e5 2. Nf3 Nc6 3. d4 exd4 4. Nxd4 Nf6 5. Nxc6 bxc6 6. Bd3 d5 7. exd5 cxd5
8. O-O Be7 9. c4 d4 10. Bf4 O-O 11. Nd2 Bb7 12. Re1 Bd6 13. Bg5 h6 14. Bxf6
Qxf6 15. Qg4 Bb4 16. Re2 Bxd2 17. Rxd2 g6 18. Re1 c5 19. Rde2 Rab8 20. Qg3 Bc6
21. b3 Rbe8 22. h4 Rxe2 23. Rxe2 Re8 24. Rxe8+ Bxe8 25. h5 g5 26. Qc7 Qb6 27.
Qe7 Bc6 28. Qf6 Bb7 29. Qf5 Qc6 30. Qh7+ Kf8 31. Qh8+ Ke7 32. Qe5+ Kf8 33. f3
Bc8 34. Be4 Qd7 35. Qxc5+ Kg8 36. Qd5 Qc7 37. Qxd4 Qa5 38. Qf2 Be6 39. a4 Qc3
40. Bc2 a5 41. Qe2 Qd4+ 42. Kf1 Qh4 43. g4 Qh1+ 44. Kf2 Qh4+ 45. Kg2 1-0

[Event "Faxe Dags EMT 2016"]
[Site "Faxe"]
[Date "2016.04.13"]
[Round "3"]
[White "Sorensen, Lindved"]
[Black "Stuhr, Peter Sebastian"]
[Result "0-1"]
[WhiteElo "1733"]
[BlackElo "1907"]
[PlyCount "60"]
[EventDate "2016.??.??"]

1. Nf3 Nc6 2. c4 e5 3. d3 a6 4. g3 f5 5. Bg2 Nf6 6. O-O Bc5 7. a3 d6 8. b4 Ba7
9. Nc3 O-O 10. Bg5 Qe8 11. Nh4 Qh5 12. Bxf6 Rxf6 13. Nd5 Rf7 14. Bf3 Qg5 15.
Ng2 Nd4 16. e3 Nxf3+ 17. Qxf3 c6 18. Nc3 Qf6 19. Rac1 g5 20. b5 axb5 21. cxb5
Bd7 22. a4 Bc5 23. Qd1 Bb4 24. Qb3 Ba5 25. Rfd1 Be6 26. Qc2 f4 27. Ne4 Qh6 28.
bxc6 f3 29. Nxd6 Qh3 30. Ne1 Bxe1 0-1

[Event "Faxe Dags EMT 2016"]
[Site "Faxe"]
[Date "2016.04.13"]
[Round "3"]
[White "Andersen, Hans E"]
[Black "Hansen, Aage"]
[Result "0-1"]
[WhiteElo "1449"]
[BlackElo "1696"]
[PlyCount "188"]
[EventDate "2016.??.??"]

1. e4 e6 2. Nc3 Bb4 3. Nge2 Nf6 4. a3 Ba5 5. b4 Bb6 6. Ng3 O-O 7. e5 Nd5 8.
Nxd5 exd5 9. d4 Nc6 10. c3 Qe7 11. Be3 f5 12. Bd3 f4 13. Nf5 Rxf5 14. Bxf5 fxe3
15. fxe3 Qh4+ 16. g3 Qg5 17. Qf3 Ne7 18. Bd3 d6 19. exd6 Bg4 20. Qf4 Qxf4 21.
gxf4 cxd6 22. Kd2 Rc8 23. Rhg1 Be6 24. Rg3 Rf8 25. Rag1 Rf7 26. h4 Nf5 27. Bxf5
Bxf5 28. h5 Bd8 29. h6 g6 30. Rh1 Be4 31. Rh2 Kf8 32. Ke2 Ke8 33. Rg1 Kd7 34.
a4 Kc6 35. Kd2 Kb6 36. Rg3 Rf8 37. Rg1 Rg8 38. Rf2 Bf5 39. Rfg2 Be7 40. Rf2 Bd7
41. Ra1 Re8 42. Rg2 Bf8 43. Rh2 Re6 44. Kd3 Rf6 45. Rhh1 Rf5 46. Rh2 g5 47.
fxg5 Rxg5 48. Rf1 Bf5+ 49. Kd2 Be7 50. Rhf2 Bg6 51. Rh2 Rg3 52. Ke2 Bg5 53. Rf3
Rg1 54. Rf1 Bd3+ 55. Kxd3 Rxf1 56. Rh5 Rg1 57. Rh3 Rd1+ 58. Kc2 Rf1 59. Kd3 Rf6
60. Rh5 Rg6 61. Kd2 a6 62. Kd3 Kc6 63. e4 dxe4+ 64. Kxe4 Bd2 65. Kd3 Rxh6 66.
Rf5 Be1 67. b5+ axb5 68. axb5+ Kb6 69. c4 Rh3+ 70. Ke4 Bb4 71. Kd5 h5 72. Rf6
Ka5 73. c5 dxc5 74. dxc5 Rd3+ 75. Kc4 Rc3+ 76. Kd4 Rxc5 77. Rf7 Rxb5 78. Rh7
Be1 79. Kc4 h4 80. Rh8 Rb4+ 81. Kc5 b6+ 82. Kc6 Rc4+ 83. Kd5 Rc5+ 84. Kd6 Bg3+
85. Kd7 Rc7+ 86. Ke6 Rb7 87. Kd5 b5 88. Kc5 Rc7+ 89. Kd5 b4 90. Ra8+ Kb5 91.
Rb8+ Ka4 92. Ra8+ Kb3 93. Kd4 Kb2 94. Kd3 b3 0-1

[Event "Faxe Dags EMT 2016"]
[Site "Faxe"]
[Date "2016.04.13"]
[Round "3"]
[White "Eckert, Svend"]
[Black "Refsgaard, Kaj"]
[Result "1-0"]
[WhiteElo "1692"]
[BlackElo "1547"]
[PlyCount "127"]
[EventDate "2016.??.??"]

1. c4 c5 2. e3 d6 3. Nf3 Nc6 4. Nc3 g6 5. d4 cxd4 6. exd4 Bg7 7. Be2 Rb8 8. O-O
Bg4 9. Be3 Nf6 10. a3 O-O 11. Rc1 Qd7 12. d5 Bxf3 13. dxc6 Bxe2 14. Qxe2 bxc6
15. h3 Rb7 16. Rfd1 Qe6 17. b4 Ne4 18. Nxe4 Qxe4 19. Qd2 Qe5 20. Rc2 a5 21.
bxa5 c5 22. a6 Ra7 23. Re1 Re8 24. Bf4 Qd4 25. Qxd4 Bxd4 26. Bxd6 Rxa6 27. Rxe7
Rxe7 28. Bxe7 Rxa3 29. g3 Kg7 30. Bg5 Rd3 31. Kg2 f6 32. Bc1 Kf7 33. h4 h5 34.
Kf1 Ke6 35. Ke2 Rb3 36. Be3 Bxe3 37. fxe3 Kf5 38. Kf3 g5 39. hxg5 fxg5 40. Rd2
g4+ 41. Kf2 Ke4 42. Rd5 Rb2+ 43. Kf1 Kxe3 44. Rxc5 Kf3 45. Rf5+ Kxg3 46. Rxh5
Rf2+ 47. Ke1 Rc2 48. c5 Kg2 49. Rg5 g3 50. Kd1 Rc4 51. Kd2 Re4 52. Kd3 Rf4 53.
c6 Rf6 54. c7 Rc6 55. Rg7 Kg1 56. Rxg3+ Kf2 57. Rg7 Kf3 58. Kd4 Kf4 59. Kd5 Rc1
60. Rf7+ Kg5 61. Ke6 Kg6 62. Rd7 Rc6+ 63. Ke7 Kg7 64. Kd8+ 1-0

[Event "Faxe Dags EMT 2016"]
[Site "Faxe"]
[Date "2016.04.13"]
[Round "3"]
[White "Jacobsen, Knud"]
[Black "Engelstoft, Jens"]
[Result "0-1"]
[WhiteElo "1038"]
[BlackElo "1642"]
[PlyCount "93"]
[EventDate "2016.??.??"]

1. e4 c5 2. Nf3 Nc6 3. Bc4 e6 4. O-O Nge7 5. Re1 g6 6. d4 cxd4 7. Nxd4 Bg7 8.
Nxc6 Nxc6 9. Bb5 O-O 10. Bxc6 dxc6 11. Qxd8 Rxd8 12. Nc3 b6 13. Be3 Ba6 14.
Red1 c5 15. f3 Bd4 16. Bxd4 cxd4 17. Na4 Rac8 18. c3 b5 19. cxd4 bxa4 20. d5
exd5 21. exd5 Rd6 22. b3 a3 23. Rac1 Rxc1 24. Rxc1 Rxd5 25. Rc7 Rd1+ 26. Kf2
Rd2+ 27. Kg3 Rxa2 28. Rxa7 Bd3 29. Kg4 Rxg2+ 30. Kf4 a2 31. Ke5 Kg7 32. Kd4 Bb1
33. b4 Rxh2 34. b5 Rd2+ 35. Kc5 Rc2+ 36. Kb6 Rb2 37. Kc6 Bd3 38. b6 Rc2+ 39.
Kd7 Bb5+ 40. Kd8 Rd2+ 41. Kc8 Bc6 42. Kc7 Rd7+ 43. Kxc6 Rxa7 44. bxa7 a1=Q 45.
Kb7 h5 46. a8=Q Qxa8+ 47. Kxa8 0-1

[Event "Faxe Dags EMT 2016"]
[Site "Faxe"]
[Date "2016.04.13"]
[Round "3"]
[White "Alic, Ohran"]
[Black "Jakobsen, Henning"]
[Result "1/2-1/2"]
[WhiteElo "1629"]
[BlackElo "1474"]
[PlyCount "60"]
[EventDate "2016.??.??"]

1. e4 d6 2. d4 Nf6 3. Nc3 g6 4. e5 dxe5 5. dxe5 Qxd1+ 6. Nxd1 Ng4 7. f4 Nc6 8.
Bb5 Bd7 9. c3 a6 10. Ba4 e6 11. h3 Nh6 12. Ne3 Bc5 13. Bd2 O-O-O 14. Bb3 Na5
15. O-O-O Nxb3+ 16. axb3 Bxe3 17. Bxe3 Nf5 18. Bf2 Bc6 19. Nf3 Bxf3 20. gxf3 b6
21. Kc2 h5 22. b4 Rxd1 23. Rxd1 Rd8 24. Rxd8+ Kxd8 25. c4 Kd7 26. Kd3 Ne7 27.
Bh4 Nc6 28. Kc3 a5 29. bxa5 Nxa5 30. b4 Nb7 1/2-1/2

[Event "Faxe Dags EMT 2016"]
[Site "Faxe"]
[Date "2016.04.13"]
[Round "3"]
[White "Hansen, Borge"]
[Black "Mathiasen, Gunnar"]
[Result "1-0"]
[WhiteElo "1433"]
[BlackElo "1561"]
[PlyCount "45"]
[EventDate "2016.??.??"]

1. d4 Nf6 2. c4 d5 3. e3 e6 4. a3 Be7 5. Nf3 O-O 6. Be2 c5 7. O-O Nc6 8. dxc5
Bxc5 9. b4 Be7 10. c5 b6 11. cxb6 axb6 12. Bb2 Bxb4 13. axb4 Rxa1 14. Bxa1 Nxb4
15. Qb3 Nc6 16. Nbd2 Bb7 17. Rb1 Nd7 18. Bb5 Nc5 19. Qb2 f6 20. Bxc6 Bxc6 21.
Qxb6 Qd6 22. Rc1 Ra8 23. Bd4 1-0

[Event "Faxe Dags EMT 2016"]
[Site "Faxe"]
[Date "2016.04.13"]
[Round "3"]
[White "Andersen, Hans Poul"]
[Black "Nielsen, Kurt Sogaard"]
[Result "0-1"]
[WhiteElo "1310"]
[BlackElo "1661"]
[PlyCount "86"]
[EventDate "2016.??.??"]

1. e4 c5 2. c4 Nc6 3. Nf3 d6 4. h3 Nf6 5. d3 g6 6. Nc3 Bg7 7. Bd2 O-O 8. a3 Nd7
9. Be2 Nde5 10. O-O Nd4 11. Nxd4 cxd4 12. Na2 Qb6 13. b3 f5 14. Bf4 fxe4 15.
Bxe5 Bxe5 16. Nb4 exd3 17. Nxd3 Bg7 18. b4 e5 19. c5 dxc5 20. bxc5 Qc6 21. Rb1
e4 22. Qb3+ Kh8 23. Qb5 exd3 24. Bxd3 Qxb5 25. Rxb5 Rf7 26. f3 Re7 27. Be4 a6
28. Rb6 Be5 29. Rd1 Kg7 30. Kh1 Ra7 31. Rdb1 Rc7 32. Rc1 Bf4 33. Rc4 Be3 34. a4
Bd7 35. Rd6 Bc6 36. Re6 Kf7 37. Rd6 Ra8 38. Bd3 Re8 39. Rc2 Bxa4 40. Re2 Rxc5
41. Kh2 Bf4+ 42. g3 Rxe2+ 43. Bxe2 Bxd6 0-1

[Event "Faxe Dags EMT 2016"]
[Site "Faxe"]
[Date "2016.04.13"]
[Round "3"]
[White "Adrian, Michael"]
[Black "Larsen, Poul Erik"]
[Result "1-0"]
[WhiteElo "1523"]
[BlackElo "1180"]
[PlyCount "47"]
[EventDate "2016.??.??"]

1. d4 d5 2. e3 Nf6 3. Bd3 g6 4. f4 e6 5. Nf3 Nc6 6. O-O Be7 7. c3 Bd7 8. b4 a6
9. Nbd2 b5 10. a4 Bxb4 11. cxb4 Nxb4 12. Qb3 Nxd3 13. Qxd3 bxa4 14. Qc3 Bb5 15.
Re1 Nd7 16. Ba3 c6 17. Bc5 Qc7 18. Ne5 Nxc5 19. Qxc5 Ra7 20. Rec1 Qe7 21. Qxe7+
Rxe7 22. Nxc6 Rb7 23. Na5 Rb6 24. Rc8+ 1-0

[Event "Faxe Dags EMT 2016"]
[Site "Faxe"]
[Date "2016.04.13"]
[Round "3"]
[White "Skotte, Niels Peder"]
[Black "Stuhr, Finn"]
[Result "0-1"]
[WhiteElo "1359"]
[BlackElo "1667"]
[PlyCount "88"]
[EventDate "2016.??.??"]

1. d4 Nf6 2. Nf3 b6 3. Bf4 Bb7 4. e3 e6 5. Nbd2 c5 6. c3 Be7 7. Bd3 Nc6 8. Bg5
Rc8 9. Bxf6 Bxf6 10. Rc1 Ne7 11. Be4 d5 12. Bd3 c4 13. Bc2 O-O 14. b4 b5 15. e4
Ng6 16. e5 Be7 17. g3 a5 18. a3 axb4 19. axb4 Ra8 20. Ke2 Qe8 21. Re1 f6 22.
Ra1 fxe5 23. Rxa8 Bxa8 24. Bxg6 Qxg6 25. Nxe5 Qh5+ 26. Ndf3 Bd6 27. Kd2 Bxe5
28. Nxe5 Rxf2+ 29. Re2 Rxh2 30. g4 Qh6+ 31. Kc2 Qf4 32. Rxh2 Qxh2+ 33. Qd2
Qxd2+ 34. Kxd2 Kf8 35. Ke3 Ke7 36. Kf4 Bb7 37. g5 Bc8 38. Kg4 Bd7 39. Kf4 Be8
40. Kg4 h6 41. gxh6 gxh6 42. Kh4 Kf6 43. Ng4+ Kf5 44. Nxh6+ Ke4 0-1

[Event "Faxe Dags EMT 2016"]
[Site "Faxe"]
[Date "2016.04.13"]
[Round "3"]
[White "Hansen, Arne Mandrup"]
[Black "Meldal, Peter"]
[Result "0-1"]
[WhiteElo "1230"]
[BlackElo "1268"]
[PlyCount "64"]
[EventDate "2016.??.??"]

1. d4 Nf6 2. Bf4 g6 3. e3 d5 4. c3 Bg7 5. Nd2 O-O 6. Ngf3 Nbd7 7. Ne5 Nh5 8.
Nxd7 Bxd7 9. Bg3 Nxg3 10. hxg3 b6 11. Qb3 e6 12. Nf3 c5 13. Bb5 cxd4 14. Nxd4
Bxb5 15. Qxb5 a6 16. Qe2 b5 17. f4 Qc7 18. Kf2 e5 19. Nf3 f6 20. Rh4 Rae8 21.
Rah1 h6 22. Qd2 Qc6 23. Qd3 e4 24. Qc2 exf3 25. Qxg6 Qc5 26. Re1 fxg2 27. Kxg2
Rxe3 28. Rxe3 Qxe3 29. Rxh6 Qe4+ 30. Qxe4 dxe4 31. Rh1 Rd8 32. Rb1 f5 0-1

[Event "Faxe Dags EMT 2016"]
[Site "Faxe"]
[Date "2016.04.13"]
[Round "3"]
[White "Larsen, Paul M"]
[Black "Nielsen, Henning Sogaard"]
[Result "0-1"]
[WhiteElo "1319"]
[BlackElo "1213"]
[PlyCount "96"]
[EventDate "2016.??.??"]

1. d4 d5 2. c4 Nf6 3. Nf3 dxc4 4. e3 b5 5. a4 c6 6. axb5 cxb5 7. Nc3 Bd7 8. g3
e6 9. Bg2 Bc6 10. Nxb5 a6 11. Nc3 Bb4 12. O-O O-O 13. Ne2 h6 14. Bd2 Bd6 15.
Nc3 Qb6 16. Qc2 Nbd7 17. Rfb1 Rab8 18. Nh4 Rfe8 19. Bxc6 Qxc6 20. Ng2 e5 21.
dxe5 Nxe5 22. Ne1 Ra8 23. Qf5 Qd7 24. Qxd7 Nexd7 25. b3 Reb8 26. bxc4 Rxb1 27.
Rxb1 Rb8 28. Ra1 Nc5 29. f3 Be5 30. Ra5 Nfd7 31. e4 Nb6 32. Rxc5 Bd4+ 33. Kg2
Bxc5 34. Nd5 Nxc4 35. Bf4 Rb2+ 36. Kh3 Bd6 37. Bxd6 Nxd6 38. Nd3 Rb1 39. Kh4
Rb3 40. Nc5 Ra3 41. Ne7+ Kf8 42. Nc6 a5 43. Nd7+ Ke8 44. Nb6 Ra2 45. h3 a4 46.
Nd5 Rf2 47. Nc3 a3 48. Nb4 Rxf3 0-1

[Event "Faxe Dags EMT 2016"]
[Site "Faxe"]
[Date "2016.04.20"]
[Round "4"]
[White "Pedersen, Henrik Dahl"]
[Black "Andersen, Bjarne Hjorth"]
[Result "1-0"]
[WhiteElo "2151"]
[BlackElo "1877"]
[PlyCount "75"]
[EventDate "2016.??.??"]

1. d4 Nf6 2. c4 g6 3. Nc3 d5 4. cxd5 Nxd5 5. Na4 Bg7 6. e4 Nb6 7. Nf3 Nxa4 8.
Qxa4+ Bd7 9. Qb3 Nc6 10. Be3 O-O 11. Rc1 Rb8 12. h3 b6 13. Qc3 a5 14. a3 Rb7
15. Be2 a4 16. O-O Na5 17. e5 Nb3 18. Rcd1 c6 19. Bc4 Na5 20. Ba2 e6 21. Ng5 b5
22. Ne4 Nc4 23. Bxc4 bxc4 24. Nc5 Ra7 25. Qxc4 Bc8 26. Rd2 Re8 27. Rc1 Qa5 28.
Ne4 Ba6 29. Qxc6 Rc8 30. Qxc8+ Bxc8 31. Rxc8+ Bf8 32. Nf6+ Kg7 33. Ne8+ Kg8 34.
Rdc2 Ra8 35. Nd6 Rxc8 36. Rxc8 Kg7 37. Ne8+ Kg8 38. Bh6 1-0

[Event "Faxe Dags EMT 2016"]
[Site "Faxe"]
[Date "2016.05.12"]
[Round "4"]
[White "Stuhr, Peter Sebastian"]
[Black "Pedersen, Hans Dahl"]
[Result "1-0"]
[WhiteElo "1907"]
[BlackElo "2144"]
[PlyCount "127"]
[EventDate "2016.??.??"]

1. e4 c5 2. Nc3 Nc6 3. f4 e6 4. Bb5 Nge7 5. Nf3 d5 6. Ne5 Bd7 7. exd5 Nxd5 8.
Bxc6 Bxc6 9. Nxc6 bxc6 10. Ne2 Qh4+ 11. g3 Qg4 12. O-O Be7 13. Kg2 Rd8 14. d3
Bf6 15. Nc3 Qg6 16. Na4 c4 17. Qe2 cxd3 18. cxd3 O-O 19. Qe4 Nb6 20. Nxb6 axb6
21. f5 exf5 22. Qxc6 Rxd3 23. Qb5 f4 24. Rxf4 Bd4 25. Qf5 Qc6+ 26. Kh3 Rd1 27.
Rf1 Rxf1 28. Qxf1 Re8 29. Qd1 Qe6+ 30. Qg4 Qxg4+ 31. Kxg4 Re1 32. Kf3 b5 33. a4
b4 34. a5 b3 35. Ra4 Ba7 36. Re4 Rf1+ 37. Ke2 Rf2+ 38. Kd3 h6 39. Re2 Rf5 40.
Bd2 Rb5 41. Re7 Bg1 42. a6 Rd5+ 43. Kc3 Ra5 44. Re8+ Kh7 45. Ra8 Rd5 46. h4 Kg6
47. Rc8 Rd6 48. Bf4 Rxa6 49. Kxb3 Bd4 50. Rb8 Kf5 51. Kc4 Bf2 52. b4 Ra3 53.
Rb5+ Kg4 54. Ra5 Rf3 55. b5 Bxg3 56. Bxg3 Rxg3 57. b6 Rg1 58. Ra4 Rc1+ 59. Kb5+
Kh5 60. b7 Rb1+ 61. Rb4 Rxb4+ 62. Kxb4 Kxh4 63. b8=Q f5 64. Qf4+ 1-0

[Event "Faxe Dags EMT 2016"]
[Site "Faxe"]
[Date "2016.04.20"]
[Round "4"]
[White "Petersen, Bent"]
[Black "Zachariassen, John"]
[Result "1-0"]
[WhiteElo "1831"]
[BlackElo "1959"]
[PlyCount "136"]
[EventDate "2016.??.??"]

1. d4 Nf6 2. c4 d6 3. Nf3 c6 4. Nc3 Nbd7 5. e4 e5 6. Be2 Be7 7. O-O Qc7 8. h3
O-O 9. Be3 Rd8 10. Rc1 Nf8 11. Qc2 Ng6 12. d5 Rf8 13. Rfd1 Nh5 14. Kh2 Ngf4 15.
Bf1 f5 16. Qb3 c5 17. exf5 Bxf5 18. g4 Bg6 19. gxh5 Bxh5 20. Nd2 a6 21. Re1 Kh8
22. Ne2 g5 23. Ng3 Bg6 24. Qd1 Qd8 25. Nde4 Qe8 26. Bg2 h5 27. Bxf4 Rxf4 28. f3
Qf8 29. Qb3 b5 30. Ne2 Bxe4 31. fxe4 bxc4 32. Qxc4 Rf2 33. Rf1 h4 34. Rxf2 Qxf2
35. Qd3 Qf6 36. Rf1 Qg6 37. Rf5 Kg7 38. Bf3 a5 39. Bg4 a4 40. Qf3 Bf6 41. Nc3
Qf7 42. Bh5 Qe7 43. Qf1 Rb8 44. Nxa4 Rb4 45. Nc3 Rxb2+ 46. Rf2 Rb4 47. a4 Rb8
48. a5 Rf8 49. a6 g4 50. Bxg4 Ra8 51. Bf5 Bg5 52. Qb5 Ra7 53. Rg2 Kh6 54. Qb8
Bf4+ 55. Kh1 Bg3 56. Qh8+ Kg5 57. Qg8+ Qg7 58. Qxg7+ Rxg7 59. Nb5 Rg8 60. a7
Ra8 61. Ra2 Kf4 62. Nc7 Rxa7 63. Rxa7 Ke3 64. Kg2 c4 65. Nb5 Be1 66. Rc7 Kd3
67. Rc6 c3 68. Nxc3 Bxc3 1-0

[Event "Faxe Dags EMT 2016"]
[Site "Faxe"]
[Date "2016.04.20"]
[Round "4"]
[White "Arnkilde, Anders"]
[Black "Nielsen, Kurt Sogaard"]
[Result "1-0"]
[WhiteElo "1970"]
[BlackElo "1661"]
[PlyCount "55"]
[EventDate "2016.??.??"]

1. c4 Nf6 2. g3 e5 3. Bg2 c6 4. d4 exd4 5. Qxd4 d6 6. Nc3 Be6 7. e4 Nbd7 8. Nf3
h6 9. O-O Be7 10. b3 O-O 11. Bb2 Qc7 12. Rac1 Ne5 13. Nd5 Nxf3+ 14. Bxf3 Qd8
15. Nxe7+ Qxe7 16. Rcd1 Rfd8 17. Rfe1 c5 18. Qc3 Ne8 19. Bg2 f6 20. Rd3 a5 21.
Rde3 Bc8 22. f4 Ra6 23. e5 dxe5 24. fxe5 f5 25. Bd5+ Be6 26. Rd1 Nc7 27. Red3
Ne8 28. Bxe6+ 1-0

[Event "Faxe Dags EMT 2016"]
[Site "Faxe"]
[Date "2016.04.20"]
[Round "4"]
[White "Hansen, Aage"]
[Black "Hansen, Borge"]
[Result "1-0"]
[WhiteElo "1696"]
[BlackElo "1433"]
[PlyCount "75"]
[EventDate "2016.??.??"]

1. e4 e5 2. f4 exf4 3. Nf3 d6 4. Bc4 Bg4 5. O-O Be7 6. d4 Nc6 7. Bxf4 Nf6 8.
Nc3 O-O 9. d5 Ne5 10. Bxe5 dxe5 11. Qd3 Nd7 12. Kh1 Kh8 13. Ne2 Nc5 14. Qe3 f6
15. b4 Nd7 16. c3 a6 17. h3 Bh5 18. Ng3 Bf7 19. Bb3 a5 20. a3 b6 21. Rad1 axb4
22. axb4 Ra3 23. Rb1 Bd6 24. Nh4 Rg8 25. Qc1 Ra7 26. Nhf5 Nf8 27. Nh4 Ng6 28.
Ngf5 Nxh4 29. Nxh4 Bg6 30. Qe1 Qe8 31. Rf3 Bf7 32. Rg3 Qd8 33. Qf2 Qd7 34. Rg4
Bh5 35. Rg3 Qb5 36. Nf5 Bg6 37. Rxg6 hxg6 38. Qh4# 1-0

[Event "Faxe Dags EMT 2016"]
[Site "Faxe"]
[Date "2016.04.20"]
[Round "4"]
[White "Engelstoft, Jens"]
[Black "Eckert, Svend"]
[Result "1/2-1/2"]
[WhiteElo "1642"]
[BlackElo "1692"]
[PlyCount "83"]
[EventDate "2016.??.??"]

1. Nf3 Nf6 2. c4 c5 3. g3 Nc6 4. Bg2 e6 5. e3 d5 6. cxd5 exd5 7. d4 b6 8. O-O
Bd6 9. Nc3 O-O 10. Re1 Bb7 11. dxc5 Bxc5 12. Nd4 Rc8 13. a3 Re8 14. Nb3 Ne7 15.
Nxc5 bxc5 16. Bd2 Qd7 17. Rc1 h6 18. Na4 c4 19. Bc3 Qc6 20. Bd4 Red8 21. Bh3
Ra8 22. Nc3 Ne4 23. Nxe4 dxe4 24. Qg4 Ng6 25. Qe2 Ba6 26. Rc3 Rab8 27. Rec1 Qa4
28. Bf5 Rb3 29. Bxe4 Rdb8 30. R1c2 Qe8 31. Bd5 Ne5 32. Bxe5 Qxe5 33. Bxc4 Bxc4
34. Qxc4 Rxb2 35. Rxb2 Rxb2 36. Qd3 g6 37. Rc8+ Kh7 38. f4 Qe6 39. Rc7 Qa2 40.
Qf1 Rxh2 41. Rxf7+ Qxf7 42. Kxh2 1/2-1/2

[Event "Faxe Dags EMT 2016"]
[Site "Faxe"]
[Date "2016.04.20"]
[Round "4"]
[White "Stuhr, Finn"]
[Black "Adrian, Michael"]
[Result "1-0"]
[WhiteElo "1667"]
[BlackElo "1523"]
[PlyCount "93"]
[EventDate "2016.??.??"]

1. e4 e5 2. Nf3 Nc6 3. Bb5 Bc5 4. O-O Nf6 5. Bxc6 dxc6 6. d3 Bg4 7. Bg5 Qe7 8.
Nbd2 O-O-O 9. a3 h6 10. Bh4 g5 11. Bg3 Bd6 12. b4 Nh5 13. c4 c5 14. b5 Nf4 15.
h3 Bd7 16. Qa4 Kb8 17. Qb3 h5 18. Ne1 h4 19. Bxf4 gxf4 20. Ndf3 Rdg8 21. Kh1
Be6 22. Qb2 Qd7 23. Nxe5 Bxe5 24. Qxe5 Bxh3 25. Qxf4 Bg4 26. f3 Be6 27. Rd1 Rg3
28. Rd2 Qd8 29. Nc2 Rhg8 30. d4 h3 31. Rff2 cxd4 32. Nxd4 Qg5 33. Nxe6 hxg2+
34. Rxg2 Qh5+ 35. Kg1 Rxg2+ 36. Rxg2 Rxg2+ 37. Kxg2 Qg6+ 38. Qg4 Qxg4+ 39. fxg4
fxe6 40. Kg3 Kc8 41. Kf4 Kd7 42. Ke5 Ke7 43. g5 Kf7 44. g6+ Kxg6 45. Kxe6 c6
46. e5 c5 47. Kd7 1-0

[Event "Faxe Dags EMT 2016"]
[Site "Faxe"]
[Date "2016.04.20"]
[Round "4"]
[White "Meldal, Peter"]
[Black "Alic, Ohran"]
[Result "0-1"]
[WhiteElo "1268"]
[BlackElo "1629"]
[PlyCount "39"]
[EventDate "2016.??.??"]

1. e4 c5 2. Nf3 Nc6 3. c3 e6 4. d4 cxd4 5. cxd4 Bb4+ 6. Bd2 Qb6 7. Bxb4 Qxb4+
8. Qd2 Nf6 9. Nc3 a6 10. a3 Qe7 11. Be2 Na5 12. Qc2 O-O 13. O-O b5 14. e5 Nd5
15. Nxd5 exd5 16. Bd3 g6 17. Qd2 Nb3 18. Qh6 Nxa1 19. Ng5 f5 20. exf6 0-1

[Event "Faxe Dags EMT 2016"]
[Site "Faxe"]
[Date "2016.04.20"]
[Round "4"]
[White "Jakobsen, Henning"]
[Black "Andersen, Hans E"]
[Result "1-0"]
[WhiteElo "1474"]
[BlackElo "1449"]
[PlyCount "121"]
[EventDate "2016.??.??"]

1. d4 Nf6 2. c4 g6 3. Nc3 d5 4. Nf3 e6 5. Bg5 Bg7 6. e3 b6 7. cxd5 exd5 8. Bb5+
c6 9. Bd3 O-O 10. O-O Qd6 11. Bf4 Qe7 12. Rc1 Bg4 13. Be2 Nh5 14. Bg5 f6 15.
Bh4 g5 16. Bg3 Nd7 17. h3 Nxg3 18. fxg3 Qxe3+ 19. Kh2 Bh5 20. Re1 Qe8 21. Bd3
Qf7 22. Qc2 Bg6 23. Bxg6 hxg6 24. Re2 Rae8 25. Rce1 Rxe2 26. Rxe2 Re8 27. Qa4
Rxe2 28. Nxe2 Nb8 29. a3 Bf8 30. Qc2 Bd6 31. Kh1 Kg7 32. b4 Qe6 33. g4 Qe3 34.
Nc3 Bf4 35. b5 cxb5 36. Nxb5 Qc1+ 37. Qxc1 Bxc1 38. a4 Nc6 39. Nc7 Be3 40. Nxd5
Bxd4 41. Nxd4 Nxd4 42. Nc7 Kf7 43. Nb5 Nxb5 44. axb5 Ke6 45. Kg1 Kd5 46. g3 f5
47. gxf5 gxf5 48. h4 gxh4 49. gxh4 Ke6 50. Kf2 Kf6 51. Kf3 Kg6 52. Kf4 Kf6 53.
h5 Ke6 54. h6 Kf6 55. h7 Kg7 56. Kxf5 Kxh7 57. Ke6 Kg6 58. Kd6 Kf6 59. Kc6 Ke6
60. Kb7 a5 61. bxa6 1-0

[Event "Faxe Dags EMT 2016"]
[Site "Faxe"]
[Date "2016.05.11"]
[Round "4"]
[White "Mathiasen, Gunnar"]
[Black "Nielsen, Ib"]
[Result "1-0"]
[WhiteElo "1561"]
[BlackElo "1334"]
[PlyCount "25"]
[EventDate "2016.??.??"]

1. e4 e5 2. Nf3 d6 3. Bc4 Be7 4. c3 Bg4 5. d3 Nf6 6. Nbd2 c6 7. Qb3 d5 8. exd5
b5 9. Bxb5 cxb5 10. Qxb5+ Bd7 11. Qb7 Nxd5 12. Qxa8 O-O 13. Qxd5 1-0